000 00706nam a22002177a 4500
003 UA-OsUOA
001 117762
007 ta
008 20160615b un ||||| |||| 00| 0 ukr d
100 _aТараненко О.О.
090 _a81
_bТ19
942 _cSA
040 _aUA-OsUOA
_bukr
_cUA-OsUOA
_dUA-OsUOA
245 _aНові явища у фонетиці сучасної української літературної мови (кінець ХХ - початок ХХІ ст.)
300 _aС.15-45
955 _a0
041 _aukr
080 _a81
773 0 _w117760
650 7 _a8 Мовознавство. Художня література. Літературознавство
_2UDC
999 _c403800
_d403800